000 01311nam a22002537a 4500
005 2010080209199.0
010 _aHIN-89946
020 _a9789380044545
_c145.00
035 _aHN-62292
037 _bDBAD/PUB
082 _a
100 _aहुमायूँ अहमद
_925080
245 _aनंदित नरक में:
_cहुमायूँ अहमद
_bउपन्यास /
246 _aNandit Narak Mein
_bby Humayun Ahmed
260 _aग़ाज़ियाबाद (उ.प्र.)
_bअंतिका प्रकाशन
_c2010
270 _aसी-56/यूजीएफ-IV, शालीमार गार्डन, एक्स.-II
_bग़ाज़ियाबाद (उ.प्र.)
_e201005
_k0120-6475212, मो.-09868380797
_mantika56@gmail.com
300 _a72पृ.
_c22सेमी. (सजिल्द)
500 _aरामलोचन ठाकुर द्वारा मूल बांग्ला से अनुवादित
650 _bहिन्दी कथा साहित्य
_9657
650 _bHindi Katha Sahitya
_9658
700 _93937
942 _2ddc
_cHN
_h
_mहुमायुँ
999 _c38731
_d38731